Preservative treatment of green rubberwood(Hevea brasiliensis) by vacuum-pressure impregnation (Record no. 48158)
[ view plain ]
| 000 -LEADER | |
|---|---|
| fixed length control field | 01324nam a2200181Ia 4500 |
| 100 ## - MAIN ENTRY--AUTHOR NAME | |
| Personal name | Tan A G |
| 245 #0 - TITLE STATEMENT | |
| Title | Preservative treatment of green rubberwood(Hevea brasiliensis) by vacuum-pressure impregnation |
| 260 ## - PUBLICATION, DISTRIBUTION, ETC. (IMPRINT) | |
| Name of publisher | Malaysian Forester |
| Year of publication | 1983 |
| 300 ## - PHYSICAL DESCRIPTION | |
| Number of Pages | 375-386 |
| 520 ## - SUMMARY, ETC. | |
| Summary, etc | The treatment trials, aimed at establishing the feasibility of impregnating green sawn Rubberwood with preservatives by the vacuum-pressure process, were carried out. The test pieces were treated with solutions of borax pentahydrate of different concentrations. To control sapstain infection in the treated wood during seasoning, the solutions were incorporated with an anti-sapstain chemical. The results obtained show that green Rubberwood can be successfully treated with preservatives by the above-mentioned process. Using a 3;w/w borax pentahydrate solution, treatment of the sawn timber may be carried out within a few days of conversion. For thicker wood pieces, it is advisable to allow them to air-season for a week or longer before being kiln-dried to ensure that their cores are adequately loaded with the preservative. |
| 650 ## - SUBJECT ADDED ENTRY--TOPICAL TERM | |
| Topical Term | Green rubberwood |
| 650 ## - SUBJECT ADDED ENTRY--TOPICAL TERM | |
| Topical Term | Rubberwood |
| 650 ## - SUBJECT ADDED ENTRY--TOPICAL TERM | |
| Topical Term | Rubberwood preservation |
| 700 ## - ADDED ENTRY--PERSONAL NAME | |
| Personal name | Chong K W |
| 700 ## - ADDED ENTRY--PERSONAL NAME | |
| Personal name | Tam M K |
| 942 ## - ADDED ENTRY ELEMENTS (KOHA) | |
| Koha item type | Bibliography RLWO |
| Withdrawn status | Lost status | Damaged status | Not for loan | Home library | Current library | Date acquired | Serial Enumeration / chronology | Koha item type |
|---|---|---|---|---|---|---|---|---|
| Bibliography | RRII Library | RRII Library | 31/12/2021 | Volume 46, Issue 3 | Bibliography RLWO |